000
00461nam a2200181Ia 4500
008
100920s9999 xx 000 0 und d
082
_b
47217
_a
24 0
100
_a
वरेरकर मामा.
245
_a
परिणिता.
260
_b
---
_c
0
300
_a
192
_b
साधी
365
_b
18
520
_a
सायो.
630
_a
परिणिता.
650
_a
सायो.
730
_a
परिणिता.
942
_c
BOOK
999
_c
694693
_d
694690